000 01560nam a2200361 a 4500
999 _c455598
_d455598
003 BLK
005 20250705131154.0
008 180408b bul|||||r ||||||| ||bul||
010 _aKNG00045101000
020 _a9789542839101
040 _aBLK
041 _aBUL
_cBUL
072 7 _2bullib
_aН50
_xЕстествени науки. Математика и др. Н
080 _aМолекулярни основи на живота. Молекулярна биология. Генно инженерство (теория, методи) вж и 573.6
_b577.2
_x(02.062)
_z577.2(02.062)
100 _aРайк, Дейвид
_eпърви автор
_9474316
139 _aРайк, Дейвид
_bР 27
240 _aWho We Are and How We Got Here
245 1 0 _aКои сме ние и как сме стигнали дотук
_bДревната ДНК и новата наука за човешкото минало
_cДейвид Райк; прев. от англ. Елена Филипова.
257 _aBGR
260 _aСофия
_bСиела Норма
_c2022
_9217021
_n978-954-28-
300 _a403 с.
_bс ил.
_c23 см
380 _a5
650 4 _aМолекулярна биология
_9261142
653 _aгенетика
653 _aмолекулярна биология
653 _aДНК
659 _aН
700 _aФилипова, Елена Иванова
_eпрев. от англ.
_9416820
856 4 _qpdf
856 4 _qpdf
942 _cKNG
_n0
_s1
_06
944 _k30529
_lДиана Гривева